[Event "Collado Villalba Grupo Gallinero op 1st"]
[Site "Collado Villalba"]
[Date "2022.08.17"]
[Round "9"]
[White "Ladron de Guevara Galar, Francisco Javier"]
[Black "Correas Gonzalez, Jose Ramon"]
[Result "1-0"]
[WhiteElo "2033"]
[BlackElo "1977"]
[PlyCount "144"]
[EventDate "2022.08.12"]
[EventType "swiss"]
[EventRounds "9"]
[EventCountry "ESP"]
[SourceTitle "CBM 210 Extra"]
[Source "ChessBase"]
[SourceDate "2022.11.30"]
[SourceVersion "1"]
[SourceVersionDate "2022.11.30"]
[SourceQuality "1"]

1. d4 Nf6 2. c4 g6 3. Nc3 Bg7 4. e4 d6 5. Nf3 0-0 6. Be2 e5 7. d5 a5 8. Bg5 h6 9. Bh4 Na6 10. Nd2 Qe8 11. a3 Bd7 12. b3 Nh7 13. Rb1 h5 14. f3 Bh6 15. 0-0 Be3+ 16. Kh1 Nc5 17. b4 axb4 18. axb4 Na4 19. Rb3 Nxc3 20. Rxc3 Bd4 21. Rc1 Ra2 22. Nb3 Ba4 23. Rb1 Bxb3 24. Rxb3 Qa4 25. Rb1 Qa3 26. Rb3 Qa7 27. Bd3 Ra8 28. Bb1 Ra1 29. Qd3 g5 30. Be1 Ra3 31. Bd2 Rxb3 32. Qxb3 Qa4 33. Bc2 Qxb3 34. Bxb3 Kg7 35. g3 Ra3 36. Rb1 f6 37. Kg2 Nf8 38. Kf1 Ng6 39. Ke2 Ne7 40. Bc1 Ra7 41. Bb2 Bxb2 42. Rxb2 Ra1 43. Bd1 Kf7 44. Kd2 f5 45. c5 f4 46. gxf4 gxf4 47. Rc2 Rb1 48. cxd6 cxd6 49. Rc4 b5 50. Rc7 Rxb4 51. Rd7 Rd4+ 52. Ke1 b4 53. Rxd6 Ng6 54. Rb6 Nh4 55. Ke2 Ng2 56. Bb3 Ne3 57. h4 Ng2 58. Rh6 Nxh4 59. d6+ Kg7 60. Rxh5 Nxf3 61. Bd5 Ng1+ 62. Kf2 b3 63. Rg5+ Kf6 64. Rxg1 b2 65. Ke2 Rb4 66. Rb1 Rb6 67. Kf3 Rxd6 68. Rxb2 Ra6 69. Kg4 Ra3 70. Rb6+ Kg7 71. Kf5 f3 72. Rb2 f2 1-0

[Event "Collado Villalba Grupo Gallinero op 1st"]
[Site "Collado Villalba"]
[Date "2022.08.13"]
[Round "2"]
[White "Correas Gonzalez, Jose Ramon"]
[Black "Sanchez Gonzalez, Sergio"]
[Result "0-1"]
[WhiteElo "1977"]
[BlackElo "2306"]
[PlyCount "64"]
[EventDate "2022.08.12"]
[EventType "swiss"]
[EventRounds "9"]
[EventCountry "ESP"]
[SourceTitle "CBM 210 Extra"]
[Source "ChessBase"]
[SourceDate "2022.11.30"]
[SourceVersion "1"]
[SourceVersionDate "2022.11.30"]
[SourceQuality "1"]

1. e4 c5 2. Nf3 e6 3. d4 cxd4 4. Nxd4 a6 5. Nc3 Qc7 6. Be2 b5 7. Be3 Bb7 8. Qd3 Bb4 9. 0-0 Nf6 10. f3 Bxc3 11. bxc3 d5 12. exd5 Nxd5 13. Bd2 Nd7 14. f4 Nc5 15. Qf3 Nf6 16. Qh3 Nce4 17. Be1 Nd5 18. Bh5 0-0 19. f5 e5 20. Ne2 Ndf6 21. Bf3 Ng5 22. Qg3 Nxf3+ 23. gxf3 Qd7 24. Qh3 e4 25. Nd4 exf3 26. Bh4 f2+ 27. Kxf2 Ne4+ 28. Ke1 Rfe8 29. Kd1 Rac8 30. Be1 b4 31. Kc1 Nxc3 32. Nb3 Qd1+ 0-1

[Event "Collado Villalba op-A 34th"]
[Site "Collado Villalba"]
[Date "2017.08.30"]
[Round "9"]
[White "Rodriguez Melendez, Juan Humbert"]
[Black "Correas Gonzalez, Jose Ramon"]
[Result "1-0"]
[WhiteElo "2160"]
[BlackElo "2018"]
[PlyCount "75"]
[EventDate "2017.08.22"]
[EventType "swiss"]
[EventRounds "9"]
[EventCountry "ESP"]
[SourceTitle "CBM 180 Extra"]
[Source "ChessBase"]
[SourceDate "2017.10.06"]
[SourceVersion "1"]
[SourceVersionDate "2017.10.06"]
[SourceQuality "1"]

1. d4 Nf6 2. Nf3 g6 3. g3 Bg7 4. Bg2 d6 5. c4 0-0 6. Nc3 c6 7. 0-0 Qa5 8. Qb3 e5 9. dxe5 dxe5 10. Bd2 Qc7 11. Rfd1 Na6 12. h3 h6 13. Be3 Be6 14. Rac1 Nd7 15. Nd5 Qb8 16. g4 Kh7 17. Qa3 Re8 18. b3 f5 19. gxf5 gxf5 20. Nc3 f4 21. Bd2 Nf6 22. Nh4 Qc8 23. Kh2 Kg8 24. Rg1 Qd8 25. Be1 Ng4+ 26. hxg4 Qxh4+ 27. Bh3 f3 28. Ne4 Rf8 29. Qd6 Rae8 30. Rc3 Rf4 31. exf3 h5 32. Rg3 hxg4 33. Bd2 gxf3 34. Bxf4 exf4 35. Rxg7+ Kxg7 36. Rxf3 Bf5 37. Qd4+ Kf8 38. Nd6 1-0

[Event "Madrid-ch"]
[Site "Madrid"]
[Date "2017.06.10"]
[Round "6"]
[White "Quevedo Marin, Manuel"]
[Black "Correas Gonzalez, Jose Ramon"]
[Result "1-0"]
[WhiteElo "2292"]
[BlackElo "2055"]
[PlyCount "55"]
[EventDate "2017.06.05"]
[EventType "swiss"]
[EventRounds "7"]
[EventCountry "ESP"]
[SourceTitle "CBM 179 Extra"]
[Source "ChessBase"]
[SourceDate "2017.08.23"]
[SourceVersion "1"]
[SourceVersionDate "2017.08.23"]
[SourceQuality "1"]

1. e4 c5 2. Nf3 d6 3. d4 cxd4 4. Nxd4 Nf6 5. Nc3 a6 6. Qf3 g6 7. h3 Bg7 8. Bg5 Qa5 9. Be3 Nbd7 10. g4 0-0 11. 0-0-0 Ne5 12. Qg2 Bd7 13. Nb3 Qd8 14. g5 Nh5 15. f4 Nc6 16. Be2 Bxc3 17. bxc3 Ng7 18. h4 a5 19. h5 a4 20. Nd2 Qa5 21. Nb1 Be6 22. Qh2 f5 23. hxg6 hxg6 24. Qh7+ Kf7 25. exf5 Bxf5 26. Bc4+ e6 27. Rxd6 Rad8 28. Rxe6 1-0

[Event "Madrid-ch"]
[Site "Madrid"]
[Date "2017.06.08"]
[Round "4"]
[White "Serrano Garcia, Vicente"]
[Black "Correas Gonzalez, Jose Ramon"]
[Result "0-1"]
[WhiteElo "1841"]
[BlackElo "2055"]
[PlyCount "178"]
[EventDate "2017.06.05"]
[EventType "swiss"]
[EventRounds "7"]
[EventCountry "ESP"]
[SourceTitle "CBM 179 Extra"]
[Source "ChessBase"]
[SourceDate "2017.08.23"]
[SourceVersion "1"]
[SourceVersionDate "2017.08.23"]
[SourceQuality "1"]

1. d4 Nf6 2. Nf3 g6 3. Bf4 Bg7 4. e3 0-0 5. Nbd2 d6 6. h3 Nbd7 7. Bd3 b6 8. 0-0 Bb7 9. e4 Qe8 10. Re1 e5 11. dxe5 Nxe5 12. Nxe5 dxe5 13. Bg3 Qe7 14. Qe2 Nh5 15. Nf1 Nxg3 16. Nxg3 Rad8 17. Rad1 Rd4 18. c3 Rd6 19. Bc4 Rfd8 20. Bb3 Bh6 21. Nf1 Rxd1 22. Rxd1 Rxd1 23. Bxd1 Qh4 24. f3 Qe7 25. Bb3 Qc5+ 26. Kh1 Kf8 27. Qc4 Qxc4 28. Bxc4 Bc1 29. b3 Bb2 30. Ne3 c6 31. Nd1 Bc1 32. a4 Ke7 33. Kg1 Bc8 34. Bd3 Be6 35. Bc2 Kd6 36. Kf2 a5 37. Ke2 b5 38. axb5 cxb5 39. Nf2 Bg5 40. g3 Bd7 41. h4 Be7 42. Kd2 a4 43. bxa4 bxa4 44. Nd3 a3 45. Bb3 f5 46. exf5 gxf5 47. Nb4 f4 48. g4 Bxh4 49. Nc2 e4 50. Ke2 Bf6 51. Nxa3 Bxc3 52. Nc4+ Kc5 53. Nd2 Bb5+ 54. Kd1 Bxd2 55. Kxd2 exf3 56. Ke1 h6 57. Kf2 Be2 58. Be6 Kd4 59. Bc8 Ke5 60. Bb7 Kf6 61. Bc8 Kg5 62. Bd7 Bd1 63. Bc8 Kf6 64. Bd7 Bb3 65. Kxf3 Kg5 66. Bc8 Bd1+ 67. Kf2 Bxg4 68. Bb7 Kf6 69. Bc6 h5 70. Bb7 Kg5 71. Bc6 h4 72. Bd5 Kf5 73. Bc6 Bd1 74. Kg2 Kg5 75. Bd7 Bg4 76. Bc6 h3+ 77. Kf2 Kh4 78. Bd5 Bd1 79. Bc6 Bg4 80. Bb7 Bd1 81. Bc6 h2 82. Kg2 h1Q+ 83. Kxh1 Kg3 84. Kg1 Be2 85. Bd5 Bf3 86. Bxf3 Kxf3 87. Kf1 Ke3 88. Ke1 f3 89. Kf1 f2 0-1

[Event "Madrid-ch"]
[Site "Madrid"]
[Date "2017.06.05"]
[Round "1"]
[White "Quispe Arteaga, Gabriel"]
[Black "Correas Gonzalez, Jose Ramon"]
[Result "1-0"]
[WhiteElo "2294"]
[BlackElo "2055"]
[PlyCount "38"]
[EventDate "2017.06.05"]
[EventType "swiss"]
[EventRounds "7"]
[EventCountry "ESP"]
[SourceTitle "CBM 179 Extra"]
[Source "ChessBase"]
[SourceDate "2017.08.23"]
[SourceVersion "1"]
[SourceVersionDate "2017.08.23"]
[SourceQuality "1"]

1. d4 Nf6 2. c4 g6 3. Nc3 Bg7 4. g3 0-0 5. Bg2 d6 6. Nf3 c6 7. 0-0 Qa5 8. Bd2 Qh5 9. Qb3 e5 10. dxe5 dxe5 11. Ng5 Rd8 12. Rad1 Na6 13. h3 e4 14. Ncxe4 Nxe4 15. Nxe4 Bxh3 16. Bxh3 Qxh3 17. Qxb7 Qe6 18. Ng5 Qxc4 19. b3 Nc5 1-0

[Event "Madrid-ch sf"]
[Site "Madrid"]
[Date "2017.04.06"]
[Round "9"]
[White "Correas Gonzalez, Jose Ramon"]
[Black "De la Esperanza Martin, Alberto"]
[Result "0-1"]
[WhiteElo "2080"]
[BlackElo "2024"]
[PlyCount "72"]
[EventDate "2017.03.27"]
[EventType "swiss"]
[EventRounds "9"]
[EventCountry "ESP"]
[SourceTitle "CBM 177 Extra"]
[Source "ChessBase"]
[SourceDate "2017.04.27"]
[SourceVersion "1"]
[SourceVersionDate "2017.04.27"]
[SourceQuality "1"]

1. e4 e5 2. Nf3 Nc6 3. Bb5 a6 4. Ba4 Nf6 5. 0-0 b5 6. Bb3 Bc5 7. d3 d6 8. c3 0-0 9. a4 Bg4 10. h3 Bh5 11. Bg5 Rb8 12. Nbd2 h6 13. Be3 Bxe3 14. fxe3 Kh8 15. axb5 axb5 16. Ra6 Ne7 17. Qa1 Nd7 18. g4 Nc5 19. gxh5 Nxa6 20. Qxa6 f5 21. Bd1 fxe4 22. dxe4 Qd7 23. Nh2 Qxh3 24. Rxf8+ Rxf8 25. Ndf1 Qh4 26. Qxb5 Qxe4 27. Qe2 Rf5 28. Qg2 Rg5 29. Bg4 Qa4 30. e4 Qa7+ 31. Kh1 Qa1 32. Qf2 Ng8 33. Qf7 Qe1 34. Bf5 Qf2 35. Ng4 Qxf1+ 36. Kh2 Rxg4 0-1

[Event "Madrid-ch sf"]
[Site "Madrid"]
[Date "2017.03.29"]
[Round "3"]
[White "Pana, Dorin"]
[Black "Correas Gonzalez, Jose Ramon"]
[Result "1-0"]
[WhiteElo "2034"]
[BlackElo "2080"]
[PlyCount "71"]
[EventDate "2017.03.27"]
[EventType "swiss"]
[EventRounds "9"]
[EventCountry "ESP"]
[SourceTitle "CBM 177 Extra"]
[Source "ChessBase"]
[SourceDate "2017.04.27"]
[SourceVersion "1"]
[SourceVersionDate "2017.04.27"]
[SourceQuality "1"]

1. e4 c5 2. Nf3 d6 3. d4 cxd4 4. Nxd4 Nf6 5. Nc3 a6 6. Be3 e6 7. f3 b5 8. Qd2 Bb7 9. 0-0-0 Nbd7 10. g4 Nb6 11. Qf2 Nfd7 12. h4 Rc8 13. Kb1 Qc7 14. Ndxb5 axb5 15. Nxb5 Qb8 16. Bxb6 Bc6 17. Ba7 Qb7 18. Nxd6+ Bxd6 19. Rxd6 0-0 20. h5 Ra8 21. Be3 Rfb8 22. Bc1 Qc7 23. Qd4 Ra4 24. c4 e5 25. Qd2 Rba8 26. a3 Nc5 27. Ka2 Ne6 28. h6 g6 29. Be2 Nf4 30. Rd1 Be8 31. Bf1 Qe7 32. Qc3 f6 33. Bxf4 exf4 34. Qxf6 Qxf6 35. Rxf6 Bf7 36. Rd7 1-0

[Event "Madrid-ch sf"]
[Site "Madrid"]
[Date "2017.03.28"]
[Round "2"]
[White "Correas Gonzalez, Jose Ramon"]
[Black "Gonzalez Rivera, Eduardo"]
[Result "1/2-1/2"]
[WhiteElo "2080"]
[BlackElo "2020"]
[PlyCount "54"]
[EventDate "2017.03.27"]
[EventType "swiss"]
[EventRounds "9"]
[EventCountry "ESP"]
[SourceTitle "CBM 177 Extra"]
[Source "ChessBase"]
[SourceDate "2017.04.27"]
[SourceVersion "1"]
[SourceVersionDate "2017.04.27"]
[SourceQuality "1"]

1. e4 e5 2. Nf3 Nc6 3. Bb5 a6 4. Ba4 Nf6 5. d3 b5 6. Bb3 Be7 7. 0-0 0-0 8. Nc3 d6 9. Nd5 Na5 10. c4 c6 11. Nxe7+ Qxe7 12. cxb5 Nxb3 13. Qxb3 axb5 14. Bg5 h6 15. Bxf6 Qxf6 16. Qc2 Bg4 17. Nd2 c5 18. f3 Be6 19. a4 bxa4 20. Rxa4 Rxa4 21. Qxa4 Qf4 22. Rf2 Qe3 23. Qc2 Ra8 24. Qb1 Qd4 25. Nf1 Ra2 26. g4 Qa4 27. Kg2 Bb3 1/2-1/2

[Event "Madrid-ch sf-A"]
[Site "Madrid"]
[Date "2015.03.18"]
[Round "6"]
[White "Correas Gonzalez, Jose Ramon"]
[Black "Marin Aso, Jose Luis"]
[Result "1/2-1/2"]
[WhiteElo "2091"]
[BlackElo "2073"]
[PlyCount "50"]
[EventDate "2015.03.09"]
[EventType "swiss"]
[EventRounds "9"]
[EventCountry "ESP"]
[SourceTitle "CBM 165 Extra"]
[Source "ChessBase"]
[SourceDate "2015.04.21"]
[SourceVersion "1"]
[SourceVersionDate "2015.04.21"]
[SourceQuality "1"]

1. e4 c5 2. Nf3 e6 3. d4 cxd4 4. Nxd4 Nc6 5. Nc3 a6 6. Be2 Nge7 7. 0-0 Nxd4 8. Qxd4 Nc6 9. Qd1 b5 10. Be3 Bb7 11. f4 Rc8 12. a4 b4 13. Nb1 Qc7 14. Bd3 Na5 15. Nd2 Bc5 16. Bxc5 Qxc5+ 17. Kh1 0-0 18. f5 f6 19. fxe6 dxe6 20. Qg4 Qe7 21. Rae1 Rc5 22. Nf3 Nc4 23. b3 Ne5 24. Nxe5 Rxe5 25. Bc4 Kh8 1/2-1/2

[Event "Madrid-ch sf-A"]
[Site "Madrid"]
[Date "2015.03.17"]
[Round "5"]
[White "Garcia Ruiz, Fuentes Aitor"]
[Black "Correas Gonzalez, Jose Ramon"]
[Result "1-0"]
[WhiteElo "2007"]
[BlackElo "2091"]
[PlyCount "73"]
[EventDate "2015.03.09"]
[EventType "swiss"]
[EventRounds "9"]
[EventCountry "ESP"]
[SourceTitle "CBM 165 Extra"]
[Source "ChessBase"]
[SourceDate "2015.04.21"]
[SourceVersion "1"]
[SourceVersionDate "2015.04.21"]
[SourceQuality "1"]

1. d4 Nf6 2. c4 g6 3. Nc3 Bg7 4. e4 d6 5. f4 0-0 6. Nf3 c5 7. d5 e6 8. Be2 exd5 9. cxd5 Re8 10. Nd2 Bd7 11. 0-0 b5 12. e5 dxe5 13. fxe5 Rxe5 14. Nf3 Re8 15. Nxb5 Qb6 16. a4 c4+ 17. Nbd4 Qc5 18. Qc2 Rc8 19. b3 c3 20. Ba3 Qxd5 21. Bc4 Qa5 22. b4 Qc7 23. Bxf7+ Kh8 24. Bb3 Qf4 25. Rae1 Ng4 26. Qe4 Qc7 27. h3 Nf6 28. Qd3 Nc6 29. Ng5 Nxd4 30. Qxd4 Rf8 31. Qh4 h6 32. Nf7+ Kh7 33. Ng5+ Kh8 34. Nf7+ Kh7 35. Rxf6 Bxf6 36. Qxh6+ Kg8 37. Qxg6+ 1-0

[Event "Madrid-ch sf-A"]
[Site "Madrid"]
[Date "2015.03.11"]
[Round "3"]
[White "Garcia Gutierrez, Jose"]
[Black "Correas Gonzalez, Jose Ramon"]
[Result "0-1"]
[WhiteElo "1947"]
[BlackElo "2091"]
[PlyCount "100"]
[EventDate "2015.03.09"]
[EventType "swiss"]
[EventRounds "9"]
[EventCountry "ESP"]
[SourceTitle "CBM 165 Extra"]
[Source "ChessBase"]
[SourceDate "2015.04.21"]
[SourceVersion "1"]
[SourceVersionDate "2015.04.21"]
[SourceQuality "1"]

1. Nf3 Nf6 2. b3 d5 3. Bb2 c5 4. g3 Nc6 5. Bg2 Qc7 6. d3 e5 7. Nbd2 Be7 8. 0-0 Bg4 9. a3 Rd8 10. Qe1 0-0 11. e4 d4 12. h3 Bh5 13. Nh2 Nd7 14. g4 Bg6 15. Bc1 b5 16. Qe2 a5 17. Re1 Nb6 18. Nhf1 f6 19. Ng3 Bf7 20. Nf5 Rfe8 21. Nf1 c4 22. bxc4 bxc4 23. N1g3 a4 24. Rf1 cxd3 25. cxd3 Na5 26. Nxe7+ Qxe7 27. Bd2 Nb3 28. Bb4 Qc7 29. Rab1 g6 30. h4 Re6 31. h5 Kg7 32. Kh2 Rc6 33. Rbd1 Nd7 34. Qf3 Ndc5 35. Rh1 Na6 36. Rdg1 Nxb4 37. axb4 Nd2 38. Qe2 Rc2 39. g5 a3 40. gxf6+ Kxf6 41. Bh3 Ke7 42. Qg4 a2 43. Qg5+ Ke8 44. Kg2 Qe7 45. Qh6 Nb1 46. Qg7 Be6 47. Nf5 gxf5 48. Qxe5 a1Q 49. Rxb1 Qa2 50. Rhf1 fxe4 0-1

[Event "Cullera op-A 25th"]
[Site "Cullera"]
[Date "2004.07.22"]
[Round "3"]
[White "Correas Gonzalez, Jose Ramon"]
[Black "Serna Lara, Sergio"]
[Result "0-1"]
[WhiteElo "2127"]
[BlackElo "2154"]
[PlyCount "48"]
[EventDate "2004.07.??"]
[EventType "swiss"]
[EventRounds "9"]
[EventCountry "ESP"]
[SourceTitle "CBM 101 Extra"]
[Source "ChessBase"]
[SourceDate "2004.09.01"]
[SourceVersion "2"]
[SourceVersionDate "2004.09.01"]
[SourceQuality "1"]

1. e4 e6 2. d4 d5 3. e5 c5 4. c3 Qb6 5. Nf3 Nc6 6. a3 Nh6 7. b4 cxd4 8. cxd4 Nf5 9. Bb2 Bd7 10. g4 Nfe7 11. Nc3 Na5 12. Qc2 Nc4 13. Bxc4 dxc4 14. Ne4 Nd5 15. Nfd2 c3 16. Bxc3 Rc8 17. Rc1 Qa6 18. Nc5 Bxc5 19. dxc5 Ba4 20. Qe4 Nxc3 21. Rxc3 Bc6 22. b5 Bxe4 23. Nxe4 Qa5 24. Nd6+ Ke7 0-1

[Event "Madrid-ch sf-B"]
[Site "Madrid"]
[Date "2004.01.16"]
[Round "4.4"]
[White "Correas Gonzalez, Jose Ramon"]
[Black "Salcedo Tornero, Pablo"]
[Result "1-0"]
[WhiteElo "2144"]
[BlackElo "2163"]
[PlyCount "59"]
[EventDate "2004.01.08"]
[EventType "swiss"]
[EventRounds "9"]
[EventCountry "ESP"]
[SourceTitle "EXT 2005"]
[Source "ChessBase"]
[SourceDate "2004.11.15"]
[SourceVersion "1"]
[SourceVersionDate "2004.11.15"]
[SourceQuality "1"]

1. e4 d6 2. d4 Nf6 3. Nc3 g6 4. f4 Bg7 5. Nf3 0-0 6. Bd3 Na6 7. f5 Nb4 8. Bg5 Nxd3+ 9. Qxd3 c6 10. 0-0-0 Qa5 11. fxg6 hxg6 12. h3 c5 13. d5 Rb8 14. e5 dxe5 15. Nxe5 Bf5 16. Qe3 Rbd8 17. g4 Bc8 18. Bh6 Qc7 19. Bxg7 Kxg7 20. g5 Nh5 21. Rhf1 a6 22. Ng4 Bf5 23. Nh6 e6 24. d6 Qc6 25. Nxf5+ exf5 26. Qe5+ Kg8 27. Nd5 Qd7 28. Ne7+ Kh7 29. Qxc5 f6 30. h4 1-0

[Event "Benidorm Bali op-A"]
[Site "Benidorm"]
[Date "2003.11.25"]
[Round "6"]
[White "Correas Gonzalez, Jose Ramon"]
[Black "Vuilleumier, Alexandre"]
[Result "0-1"]
[WhiteElo "2107"]
[BlackElo "2216"]
[PlyCount "55"]
[EventDate "2003.11.21"]
[EventType "swiss"]
[EventRounds "9"]
[EventCountry "ESP"]
[SourceTitle "CBM 097 Extra"]
[Source "ChessBase"]
[SourceDate "2004.01.13"]
[SourceVersion "1"]
[SourceVersionDate "2004.01.13"]
[SourceQuality "1"]

1. e4 c5 2. Nf3 d6 3. d4 cxd4 4. Nxd4 Nf6 5. Nc3 Nc6 6. Bc4 e6 7. Be3 a6 8. Qe2 Na5 9. Bd3 b5 10. a4 b4 11. Na2 e5 12. Nf3 Nc6 13. 0-0 Be7 14. Nc1 0-0 15. Nb3 Bg4 16. a5 d5 17. Bb6 Qd7 18. Rad1 d4 19. Bxa6 Bxf3 20. gxf3 Nh5 21. f4 Nxf4 22. Qf3 Rxa6 23. Bxd4 Qh3 24. Qxh3 Nxh3+ 25. Kg2 Nf4+ 26. Kf3 Nxd4+ 27. Nxd4 exd4 28. Kxf4 0-1

[Event "Pablo Gorbea Memorial 7th"]
[Site "Madrid"]
[Date "2003.09.06"]
[Round "6"]
[White "Morales, Jhon Alexander"]
[Black "Correas Gonzalez, Jose Ramon"]
[Result "1/2-1/2"]
[WhiteElo "2329"]
[BlackElo "2106"]
[PlyCount "44"]
[EventDate "2003.09.01"]
[EventType "swiss"]
[EventRounds "9"]
[EventCountry "ESP"]
[SourceTitle "CBM 096 Extra"]
[Source "ChessBase"]
[SourceDate "2003.10.22"]
[SourceVersion "2"]
[SourceVersionDate "2003.10.20"]
[SourceQuality "1"]

1. e4 c5 2. Nf3 d6 3. d4 cxd4 4. Nxd4 Nf6 5. Nc3 a6 6. Bg5 e6 7. f4 Be7 8. Qf3 Qa5 9. 0-0-0 Bd7 10. e5 dxe5 11. fxe5 Nc6 12. Nf5 exf5 13. exf6 gxf6 14. Rd5 Qc7 15. Bf4 Ne5 16. Qe3 0-0-0 17. Be2 Bc6 18. Rhd1 Bxd5 19. Nxd5 Qc5 20. Qc3 Rxd5 21. Rxd5 Qxc3 22. bxc3 Rd8 1/2-1/2

[Event "Cullera op 23rd"]
[Site "Valencia"]
[Date "2002.07.24"]
[Round "7.17"]
[White "Ibanez Aullana, Jose Ramon"]
[Black "Correas Gonzalez, Jose Ramon"]
[Result "1-0"]
[WhiteElo "2261"]
[BlackElo "1998"]
[PlyCount "75"]
[EventDate "2002.07.18"]
[EventType "swiss"]
[EventRounds "9"]
[EventCountry "ESP"]
[SourceTitle "CBM 089 Extra"]
[Source "ChessBase"]
[SourceDate "2002.09.10"]
[SourceVersion "2"]
[SourceVersionDate "2002.09.10"]
[SourceQuality "1"]

1. d4 Nf6 2. Nf3 g6 3. g3 Bg7 4. Bg2 d6 5. 0-0 0-0 6. c4 c6 7. b3 Qa5 8. h3 Nbd7 9. a4 Re8 10. Ba3 c5 11. dxc5 dxc5 12. Qc2 Nb8 13. Nc3 Nc6 14. Rac1 Rb8 15. Nd5 Bf5 16. Qd2 Ne4 17. Qe3 e6 18. Nf4 Bd4 19. Nxd4 cxd4 20. Qd3 Nd2 21. b4 Bxd3 22. bxa5 Nxf1 23. Kxf1 Bf5 24. g4 e5 25. Nd5 Kg7 26. gxf5 gxf5 27. a6 e4 28. Bd6 Rbd8 29. Bc7 Rd7 30. axb7 Nb8 31. Rb1 d3 32. exd3 exd3 33. c5 d2 34. Bf3 Na6 35. Bd6 d1Q+ 36. Bxd1 Nxc5 37. Bxc5 Rxd5 38. Bxa7 1-0

[Event "Cullera op 23rd"]
[Site "Valencia"]
[Date "2002.07.19"]
[Round "2"]
[White "Correas Gonzalez, Jose Ramon"]
[Black "Fenollar Jorda, Manuel"]
[Result "1-0"]
[WhiteElo "1998"]
[BlackElo "2240"]
[PlyCount "63"]
[EventDate "2002.07.18"]
[EventType "swiss"]
[EventRounds "9"]
[EventCountry "ESP"]
[SourceTitle "CBM 089 Extra"]
[Source "ChessBase"]
[SourceDate "2002.09.10"]
[SourceVersion "2"]
[SourceVersionDate "2002.09.10"]
[SourceQuality "1"]

1. e4 c5 2. Nf3 Nc6 3. d4 cxd4 4. Nxd4 e5 5. Nb5 a6 6. Nd6+ Bxd6 7. Qxd6 Qf6 8. Qd1 Qg6 9. Nc3 Nge7 10. h4 h5 11. Bg5 f6 12. Be3 d5 13. Nxd5 Bg4 14. Nc7+ Kf8 15. f3 Rd8 16. Bd3 Bc8 17. Qd2 f5 18. Bg5 Rd7 19. Na8 Rd8 20. Nb6 Be6 21. Na4 Kg8 22. Qc3 Kh7 23. Nc5 Bc8 24. 0-0-0 Rhe8 25. exf5 Bxf5 26. Nxb7 Rxd3 27. cxd3 Nd4 28. Kb1 Rc8 29. Nc5 Nd5 30. Qa5 Qd6 31. Ne4 Qb8 32. Rc1 1-0